Cocktail

Saved in:
Bibliographic Details
Main Author: Bery
Format: Book
Published: London Lorenz Books 2001
Subjects:
Tags: Add Tag
No Tags, Be the first to tag this record!
Call Number :TX951 B47 2001

MARC

LEADER 00000pam a2200000 4500
001 7939
003 MY-KLNDU
005 20241218052550.0
020 0 0 |a 0754808092 
035 |a 0000009555 
039 9 |y 200910081446  |z VLOAD 
090 0 0 |a TX951  |b B47 2001 
100 1 0 |a Bery  |h Oona Van Den 
245 1 0 |a Cocktail  |c Oona Van Den Berg 
260 0 0 |a London  |b Lorenz Books  |c 2001 
300 |a 96p.  |b ill.  |c 33cm 
500 0 0 |a Includes index 
650 0 0 |a Cocktails 
999 |a vtls000007546  |c 7939  |d 7939